Studies in algebraic logic /
Guardado en:
| Otros Autores: | |
|---|---|
| Formato: | Libro |
| Idioma: | English |
| Publicado: |
[Washington] :
Mathematical Association of America,
c1974.
|
| Series: | Studies in mathematics (Mathematical Association of America) ;
v. 9. |
| Materias: | |
| Etiquetas: |
Agregar Etiqueta
Sin Etiquetas, Sea el primero en etiquetar este registro!
|
| LEADER | 01086cam a2200241 a 4500 | ||
|---|---|---|---|
| 001 | MAT.inmabb002872 | ||
| 008 | 750410s1974####dcu######b####001#0#eng## | ||
| 005 | 20160317164601.0 | ||
| 245 | 0 | 0 | |a Studies in algebraic logic / |c Aubert Daigneault, editor. |
| 260 | |a [Washington] : |b Mathematical Association of America, |c c1974. | ||
| 300 | |a vii, 207 p. ; |c 21 cm. | ||
| 490 | 1 | |a Studies in mathematics ; |v v. 9 | |
| 504 | |a Incluye referencias bibliográficas. | ||
| 505 | 0 | 0 | |t Unification and abstraction in algebraic logic / |r William Craig -- |t Connections between combinatorial theory and algebraic logic / |r J. Donald Monk -- |t Post algebras as a semantic foundation of $m$-valued logics / |r Helena Rasiowa -- |t From sheaves to logic / |r Gonzalo E. Reyes. |
| 510 | 4 | |a MR, |c 50 #4294 | |
| 020 | |a 0883851091 | ||
| 700 | 1 | |a Daigneault, Aubert, |d 1932- | |
| 830 | 0 | |a Studies in mathematics (Mathematical Association of America) ; |v v. 9. | |
| 650 | 0 | |a Algebraic logic. | |
| 084 | |a 03Gxx (03C90) |2 msc2000 | ||
| 010 | |a 74084580 | ||
| 040 | |a DLC |c DLC |d DLC | ||
| 859 | |h 03 |i St933a |p A-5462 |b BIB. MATEMATICA | ||
